000 00644nam a2200253Ia 4500
005 20260121114259.0
008 008 260114s9999 xx 000 0 eng d
020 _a9781119831839
037 _aEBOOK
040 _aCRL
040 _beng
040 _cCRL
041 _2eng
041 _aeng
084 _qCRL
100 _aNoel Challamel
_9973054
245 0 _aModern Trends in Structural and Solid Mechanics 3- Non-deterministic Mechanics
260 _bWiley
260 _c2021
856 _uhttps://onlinelibrary.wiley.com/doi/book/10.1002/9781119831839
942 _cEBOOK
999 _c1552308
_d1552308